| 000 | 00674ntm a22002657a 4500 | ||
|---|---|---|---|
| 005 | 20251024150320.0 | ||
| 008 | 190524b2018 xxu||||| |||| 00| 0 spa d | ||
| 020 | _a9788441539945 | ||
| 041 | _aESP | ||
| 082 | _a363.25 R934q | ||
| 100 |
_aRuíz Grau, Blas _953701 |
||
| 245 | _a¡Que nadie toque nada!: mitos y realidades del procedimiento policial y forense | ||
| 260 | _aEspaña | ||
| 260 | _bOberon | ||
| 260 | _c2018 | ||
| 300 | _a212 páginas | ||
| 490 | _aInvestigación Criminal | ||
| 650 | _aINVESTIGACIÓN CRIMINAL | ||
| 650 | _aHUELLAS | ||
| 650 | _aFORENSES | ||
| 650 | _aADN | ||
| 650 | _aARMAS | ||
| 650 | _aPSICÓPATAS | ||
| 942 |
_cBK _2ddc |
||
| 999 |
_c11943 _d11943 |
||